000 00483 a2200169 4500
999 _c4563
_d4563
010 _aENG-86445
020 _a0143330179
_c175.00
035 _aEN-69978
037 _bDBAD / PUB
082 1 4 _aN
100 1 _aKhanna, Deeptha
245 1 _aThe year I turned 16 /
_cby Deeptha Khanna
260 _aNew Delhi
_bPenguin Books
_c2006
270 _a11, Community Centre, Panchsheel Park
_bNew Delhi
_cWest Bengal
_e110 017
300 _a156 p.
_c20cm (Pbk)
942 _adpl
_cEN
_2ddc
_hN
_mKHA